[Event "Hoogovens"]
[Site "Wijk aan Zee"]
[Date "1991.01.??"]
[Round "13"]
[White "Salov, Valery"]
[Black "Kozul, Zdenko"]
[Result "1-0"]
[WhiteElo "2645"]
[BlackElo "2580"]
[Annotator "Salov,V"]
[PlyCount "109"]
[EventDate "1991.01.??"]
[EventType "tourn"]
[EventRounds "13"]
[EventCountry "NED"]
[EventCategory "14"]
[SourceTitle "CBM 022"]
[Source "ChessBase"]
[SourceDate "1991.06.01"]
[SourceVersion "1"]
[SourceVersionDate "1991.06.01"]
[SourceQuality "1"]

1. d4 Nf6 2. Nf3 g6 3. Bg5 Bg7 4. Nbd2 d5 5. e3 O-O 6. Be2 Nbd7 7. O-O (7. c3
Re8 8. O-O e5 9. dxe5 Nxe5 10. Qb3 c6 11. Nxe5 Rxe5 12. Nf3 Re8 13. c4 Qb6 14.
Qxb6 axb6 15. Bxf6 Bxf6 16. cxd5 Bf5 $44 {Cvetkovic-Kozul,JUG-ch 1990}) 7...
Re8 8. c4 $1 e5 9. Rc1 e4 10. Ne1 c6 11. cxd5 cxd5 12. Qb3 $16 Qb6 13. Nc2 Qe6
$6 14. Nb4 Bf8 15. Bb5 $1 $18 Rd8 16. Nxd5 Qf5 17. Bxd7 Qxd5 18. Qxd5 Nxd5 19.
Bxc8 (19. Bxd8 Bxd7 20. Bh4 $18) 19... Rdxc8 20. Nxe4 Nb4 21. Bf6 a5 (21...
Nxa2 22. Rxc8 Rxc8 23. d5 Re8 (23... Bg7 24. Be7 Bf8 25. d6 $18) 24. f3 Nb4 25.
d6 $18) 22. g4 Re8 23. Be5 Bg7 24. Nf6+ Bxf6 25. Bxf6 h6 26. a3 Nd3 27. Rc2 $6
(27. Rc3 $142 Nxb2 28. Rb1 Na4 29. Rc4 Ra6 30. Rxa4 Rxf6 31. Rxa5 $18) 27...
Ra6 28. Bh4 Rb6 29. Rd1 Nxb2 30. Rb1 Nc4 31. Rxb6 Nxb6 32. Rc7 Rb8 33. Bg3 a4
34. Kf1 (34. e4 $142 $18) 34... Nd5 35. Rd7 (35. Rxf7 Kxf7 36. Bxb8 b5 37. Ke2
b4 38. Kd2 bxa3 39. Kc1 Nb4 $44) 35... Nf6 36. Re7 Nd5 37. Rd7 Nf6 38. Rd6 (38.
Bxb8 Nxd7 39. Bd6 $18) 38... Ne4 39. Rb6 Rc8 40. Rxb7 Nxg3+ 41. hxg3 Rc3 42.
Ra7 Rxa3 43. Ke2 Ra2+ 44. Kf3 Kg7 45. e4 a3 46. e5 Kf8 47. d5 Rd2 (47... Ra1
48. d6 Ke8 (48... a2 49. Ra8+ Kg7 50. Ke2 $18) 49. Ra8+ Kd7 50. Rf8 Ke6 51.
Re8+ Kd7 52. Re7+ Kc6 53. Rxf7 $18) 48. d6 f6 (48... a2 49. Ke3 Rd5 50. Ra8+
Kg7 51. f4 f6 52. Rxa2 fxe5 53. Rd2 exf4+ 54. gxf4 Rxd2 55. Kxd2 Kf6 56. f5 $18
) 49. Ke4 fxe5 (49... Re2+ 50. Kd5 Rxe5+ 51. Kc6 $18) (49... a2 $1 50. f4 Ke8
51. f5 Re2+ 52. Kd5 Rxe5+ 53. Kc6 Re2 54. fxg6 Kf8 55. g7+ Kg8 56. d7 $18) 50.
Kxe5 a2 51. f4 h5 52. g5 Ke8 53. Ke6 Kf8 54. d7 Kg8 55. Rxa2 1-0

[Event "Asia Chess Cup"]
[Site "Abu Dhabi"]
[Date "2016.04.05"]
[Round "9.4"]
[White "Sasikiran, Krishnan"]
[Black "Nguyen, Anh Khoi"]
[Result "1-0"]
[WhiteElo "2637"]
[BlackElo "2412"]
[Annotator "Schulz,Andre"]
[PlyCount "55"]
[EventDate "2016.03.28"]
[EventType "team-swiss"]
[EventRounds "9"]
[EventCountry "UAE"]
[SourceTitle "CBM 171 Extra"]
[Source "ChessBase"]
[SourceDate "2016.04.26"]
[SourceVersion "1"]
[SourceVersionDate "2016.04.26"]
[SourceQuality "1"]
[WhiteTeam "India"]
[BlackTeam "Vietnam"]
[WhiteTeamCountry "IND"]
[BlackTeamCountry "VIE"]

1. d4 Nf6 2. Nf3 g6 3. Bg5 Bg7 4. Nbd2 d5 5. e3 O-O 6. Be2 Nbd7 7. O-O c5 8. c3
Re8 9. Qb3 Qb6 10. Rfd1 h6 11. Bh4 a6 $2 {[#] Warum war der letzte schwarze
Zug ein Fehler?} 12. Bxf6 $1 Bxf6 (12... Nxf6 $4 13. Qxb6) (12... Qxb3 13. Nxb3
Bxf6 14. dxc5) 13. Qxd5 {Mit Bauerngewinn? Moment, es geht ja noch weiter:}
Qxb2 {Schwarz hat seinen Bauern zurückgewonnen. Der Unterschied ist aber:
Weiß hat seine Dame zentralsisiert, Schwarz hat seine Dame ins Abseits
gestellt und dort zum Angriffsobjekt gemacht.} 14. Rab1 Qxc3 ({Erträglicher
war noch} 14... Qc2 15. Rdc1 $5 (15. dxc5 $16) 15... Qf5 16. Qxf5 ({Oder auch} 
16. Qb3 Z0 {mit der Absicht} 17. e4) 16... gxf5 17. a4 $16) ({Nach} 14... Qa3
15. Nc4 Qxa2 {kommt die Dame in große Gefahr, z.B.:} 16. Bd3 Bg7 17. Ra1 Qb3
18. Rdb1 Qxc3 19. Ra3) 15. Nc4 {Droht Tdc1 mit Damengewinn.} Qc2 16. Bd3 e6 17.
Qe4 Qa4 {[#]} 18. d5 ({Stark war} 18. Nfe5 $5 {Mit der Idee Sxf7.} Bxe5 19.
dxe5 Qc6 20. Qh4 Kg7 21. Nd6 Rf8 22. Be4 Qc7 23. Qe7 $18 {mit überlegener
Stellung.}) 18... Nf8 19. d6 Bd7 ({Besser war} 19... Nd7) 20. Bc2 Qc6 21. Qf4 {
Ein Springer auf d7 hätte den Lf6 gedeckt.} Kg7 (21... Bg7 22. Nfe5 Bxe5 23.
Nxe5 $18) 22. Nce5 g5 23. Qg4 Qc8 {[#] Exekution:} 24. Qh5 Bxe5 25. Nxe5 f5 26.
Qf7+ Kh8 27. Qf6+ Kh7 28. Ng4 1-0

[Event "Porto Mannu op 8th"]
[Site "Porto Mannu"]
[Date "2016.06.09"]
[Round "7"]
[White "Raznikov, Danny"]
[Black "Sivuk, Vitaly"]
[Result "1-0"]
[WhiteElo "2508"]
[BlackElo "2520"]
[Annotator "Souleidis,G"]
[PlyCount "69"]
[EventDate "2016.06.04"]
[EventType "swiss"]
[EventRounds "9"]
[EventCountry "ITA"]
[SourceTitle "CBM 172 Extra"]
[Source "ChessBase"]
[SourceDate "2016.06.21"]
[SourceVersion "1"]
[SourceVersionDate "2016.06.21"]
[SourceQuality "1"]

1. d4 Nf6 2. Nf3 g6 3. Bg5 Bg7 4. Nbd2 d5 5. e3 O-O 6. Bd3 b6 7. O-O Ba6 (7...
Bb7 {ist gebräuchlicher und punktet sehr gut für Schwarz.}) 8. Qe2 (8. Bxa6
Nxa6 9. Qe2 Qc8 $1 {scheint auszugleichen, z.B.} 10. e4 dxe4 11. Nxe4 c5 $11) (
8. c4 $5 {kommt stark in Betracht.}) 8... Bxd3 9. cxd3 $5 (9. Qxd3 {ist die
logische Alternative, doch Weiß möchte sofort die c-Linie nutzen.}) 9... c5
10. Rfc1 Nbd7 11. Rc2 Qb8 $2 {Danach kann Schwarz den Druck auf der c-Linie
schon nicht abschütteln.} (11... h6 $1 12. Bf4 (12. Bxf6 Bxf6 13. Rac1 (13.
Nb3 a5 14. a4 Rb8 {mit Blick nach b2 ist unklar.}) 13... e5 $1 {gibt Schwarz
Gegenspiel.}) 12... Nh5 13. Be5 Nxe5 14. dxe5 Qd7 15. h3 Bh8 16. Rac1 {sieht
etwas besser aus für Weiß wegen des deplatzierten Springers, doch der Druck
auf der c-Linie ist im Vergleich zur Partie geringer.}) 12. Rac1 Qb7 13. Bxf6 (
13. Nb3 cxd4 14. Nbxd4 Rfc8 15. Nc6 $16) 13... Bxf6 (13... Nxf6 14. dxc5 bxc5
15. b3 Nd7 16. d4 Rfc8 17. dxc5 $16 {kostet einen Bauern.}) 14. b4 $1 {Die
Pointe der weißen Strategie. Anstatt einen Bauern zu geben, sucht Schwarz
jetzt sein Heil in Komplikationen.} cxb4 (14... e5 15. dxe5 Nxe5 16. Nxe5 Bxe5
17. bxc5 bxc5 18. Rxc5 $16) 15. Rc7 Qa6 16. Rxd7 Rfc8 17. Rdc7 ({Den Gefallen} 
17. Rxc8+ $2 Qxc8 18. Rxd5 Qc6 19. e4 e6 {tut Weiß dem Schwarzen nicht, auch
wenn der Anziehende nach} 20. Rd6 Qxd6 21. e5 {etwas Vorteil behaupten würde.}
) 17... Rxc7 18. Rxc7 Qxa2 {Schwarz hofft auf seine Damenflügelbauern, doch
Weiß lässt nichts anbrennen.} 19. g4 a5 (19... b3 20. Qd1 b2 21. g5 Bg7 22.
Kg2 $18) 20. g5 Bg7 21. Qd1 $1 $18 a4 22. Qc1 $1 h5 (22... b3 23. Rc8+ Rxc8 24.
Qxc8+ Bf8 25. Ne5 $18 {mit der Idee 26.Sd7 gewinnt.}) 23. gxh6 Bxh6 24. Qc6 Rf8
25. Ra7 (25. Rxe7 $18) 25... a3 26. Qxb6 {Weiß hat alles unter Kontrolle.} Qb2
27. Qa5 e6 28. Qa4 Rb8 29. Qd7 Rf8 30. Kg2 Bg7 31. Ng5 $1 Bxd4 32. exd4 (32.
Ra8 $1 $18 {wäre ein netter Gewinn gewesen.}) 32... Qxd4 33. Qxf7+ {Schwarz
gab auf, da er nach} Rxf7 34. Ra8+ $1 Kg7 35. Nxe6+ {die Dame verliert.} 1-0

[Event "Olympiad-32"]
[Site "Yerevan"]
[Date "1996.09.27"]
[Round "11.2"]
[White "Speelman, Jonathan S"]
[Black "Cramling, Pia"]
[Result "1/2-1/2"]
[WhiteElo "2625"]
[BlackElo "2545"]
[Annotator "Speelman,J"]
[PlyCount "123"]
[EventDate "1996.09.15"]
[EventType "team-swiss"]
[EventRounds "14"]
[EventCountry "ARM"]
[SourceTitle "CBM 055"]
[Source "ChessBase"]
[SourceDate "1996.12.01"]
[SourceVersion "1"]
[SourceVersionDate "1996.12.01"]
[SourceQuality "1"]
[WhiteTeam "England"]
[BlackTeam "Sweden"]
[WhiteTeamCountry "ENG"]
[BlackTeamCountry "SWE"]

1. d4 Nf6 2. Nf3 g6 3. Bg5 Bg7 4. Nbd2 d5 5. e3 c5 6. c3 Qb6 7. Qb3 O-O 8. Be2
Nc6 9. O-O Bf5 $6 10. dxc5 $1 Qxc5 11. Nd4 Bc8 (11... Nxd4 12. exd4 $14 (12.
cxd4 Qa5 13. Nf3)) (11... Bd7 12. Bxf6 Bxf6 13. Qxb7) 12. Rfd1 e5 13. Qb5 $1
Qd6 14. N4b3 a6 15. Qd3 (15. Qc5 $14) 15... Rd8 (15... e4 $5 16. Nxe4 Nxe4 17.
Qxe4 Qxh2+ $1 18. Kxh2 dxe4 19. Nc5) 16. e4 d4 (16... dxe4 17. Nxe4 (17. Qxd6
Rxd6 18. Bxf6 $6 (18. Nc5) 18... Bxf6 19. Nxe4 Rxd1+ 20. Rxd1 Be7) 17... Qxd3 (
17... Qc7 18. Nd4 $5 {Fritz}) 18. Bxd3 Rxd3 19. Nxf6+ Bxf6 20. Bxf6 Rxd1+ 21.
Rxd1) 17. cxd4 Nxd4 18. Nxd4 Qxd4 19. Qb3 $1 Be6 (19... Bg4 20. Bxg4 (20. Be3
Bxe2 21. Bxd4 Bxd1 22. Rxd1 Rxd4 23. Nf3 $16) 20... Nxg4 21. Qf3 f6 22. Qxg4
fxg5 23. Qe6+ Kh8 24. Qb3 h6) 20. Bc4 Bxc4 21. Nxc4 Qc5 (21... Qxe4 $2 22. Nd6)
22. Ne3 (22. Nb6 Rxd1+ (22... Ng4 23. Nxa8 Qxf2+ 24. Kh1 Rxa8 25. Rf1) 23. Rxd1
Re8 24. Bxf6 Bxf6 25. Nd7) 22... Rxd1+ (22... b5 23. Nd5 (23. Bxf6 Bxf6 24. Nd5
Bg5 25. g3) 23... Nxe4 24. Bxd8 Rxd8 25. Qb4 {Fritz}) 23. Rxd1 Qb5 24. Qc2 $1
Qe8 25. Rc1 h6 26. Bxf6 Bxf6 27. Nd5 $16 Bd8 28. g3 Rb8 29. Kg2 Qe6 30. Qb3 Kg7
(30... Rc8 $2 31. Ne7+ (31. Nf6+)) 31. Rc3 h5 32. h3 $1 (32. h4 $6 {xg4}) 32...
Qe8 33. Qc2 Qe6 34. Rc5 Be7 35. Rc4 (35. Nxe7 Qxe7 36. Qc3 Re8 37. Rc7 (37. f4
$5) 37... Qe6 $1 38. Rxb7 Qxa2 39. b3 Qe2 $1 $10) 35... Bd6 36. Qb3 $5 (36. a4
Rd8 (36... f5 $6)) 36... Rc8 $1 37. Rxc8 Qxc8 38. Qb6 Qd7 (38... Qc6 39. Qxc6
bxc6 40. Ne3 $16) 39. a4 Be7 40. b3 Bd6 41. Qe3 Qc6 $4 42. Qg5 $1 Bb8 43. Qe7
$1 Bd6 44. Qf6+ Kg8 45. Kf3 {Zugzwang} Qc5 (45... Qd7 46. Qxg6+ fxg6 47. Nf6+
Kf7 48. Nxd7 $18) (45... a5 46. Qd8+ Kg7 47. Qxa5) 46. b4 Qc6 47. b5 axb5 48.
axb5 Qc5 (48... Qxb5 49. Qxd6 Qd3+ 50. Kg2 Qxe4+ 51. Kh2 Qf3 52. Kg1 $18) 49.
Kg2 {Zugzwang} Qa3 50. g4 $2 (50. b6 Qc5 51. Qd8+ Kg7 (51... Bf8 $2 52. Nf6+ $1
{Ftachnik} (52. Qb8 Qd4 53. Qxb7 Qxe4+ 54. Kh2 $13) 52... Kg7 53. Nd7 Qe7 (
53... Qd6 54. Qc7 Qd4 55. Qxb7 Bb4 56. Qd5 $18) (53... Qb4 54. Qf6+ Kg8 55.
Qxe5 $18) 54. Qc7 $1 $18) 52. Qd7 {Zugzang} Bf8 $3 {The only move to fight
though it probably loses in the end.} (52... h4 53. gxh4 (53. g4 Bf8) 53... Bf8
54. Qxb7 (54. h5 Qd4) 54... Qd4 55. Ne3 Bc5 56. h5 Bxb6 57. hxg6 Kxg6 58. Qc6+
Kh7 59. Ng4 $18) (52... Qc6 $2 53. Qxc6 bxc6 54. Nc7 $1 c5 55. Na6 c4 56. Kf1
$18) 53. Qxb7 Qd4 54. Nc7 Kg8 55. Na6 $1 (55. Nb5 Qc5 56. Qc7 Qxb5 57. b7 Bd6
$1 58. Qxd6 Qxb7 59. Qxe5 $16) 55... Qa4 (55... h4 56. gxh4 Qc4 57. Qa8 Kg7 58.
Nc7 Bc5 59. Ne8+ Kh7 60. Nf6+ Kg7 61. Qd5 Qc2 62. Ng4 Bxb6 63. Qxe5+ $18) (
55... Qc4 56. Qa8 (56. Nb8 $1 Bc5 57. Nd7 Bd4 (57... Bxf2 58. Nxe5 Qa2) 58.
Qa8+ Kh7) 56... Kg7 (56... h4 57. gxh4 {transposes}) 57. b7 Qxe4+ (57... Bd6
58. b8=Q Bxb8 59. Nxb8 Qc8 60. Qa7 $18) 58. Kh2 Bd6 59. b8=Q Bxb8 60. Qxe4) 56.
Qa8 Kg7 57. Nc7 $18) 50... hxg4 51. hxg4 Qc5 52. b6 $2 Qc8 $1 53. Kg3 (53. Kf3)
(53. Qh4 Kg7 54. g5 $2 Qh8 55. Qxh8+ Kxh8 {xg5, b6}) 53... Qf8 54. Kf3 Qb8 55.
Ke2 (55. Ne7+ Bxe7 56. Qxe7 Qa8 (56... Qc8 57. Qc7) 57. Qxe5 $16) 55... Bc5 $1
56. Qh4 Kg7 57. Kd3 $2 Qe8 (57... Qd6 $1 58. g5 Bxb6 59. Ke2 Bd8 $17) 58. g5
Qb5+ (58... Be7 59. Ke3 Qd8 60. f4 exf4+ 61. Kxf4 Qd6+ 62. Kf3 Qe5 (62... Bd8)
63. Qh6+ Kg8 64. Qh3 $13) 59. Kd2 Qb2+ {time trouble} (59... Kg8 60. Nf6+ Kf8
61. Qh8+ Ke7 62. Nd5+ Kd7 63. Nf6+ Ke7 (63... Kc6 $2 64. Qc8+ Kxb6 65. Nd7+)
64. Nd5+ $10) 60. Ke1 Qc1+ 61. Ke2 Qc2+ 62. Ke1 $1 (62. Kf1 $2 Qd1+ 63. Kg2 Qh5
$1 $8 64. Qg3 Bd4 65. Nf6 Qh8 (65... Qe2 $3 {(Fritz) intending to run after}
66. Qh4 Kf8 $1 67. Qh8+ Ke7 68. Qe8+ Kd6 $17 {and Black will win!}) 66. Nd5 Qh5
$10) (62. Ke1 Qc1+ $10 (62... Bxf2+ $2 63. Qxf2 Qxe4+ 64. Ne3 Qb4+ 65. Kf1 $16)
(62... Bb4+ $4 63. Kf1 Kg8 (63... Qb1+ 64. Kg2 Kg8 65. Nf6+ Kf8 66. Qh8+ Ke7
67. Qb8 $1 $18) 64. Nf6+ Kf8 65. Qh8+ Ke7 66. Qe8+ Kd6 67. Qd7+ Kc5 68. Qc8+))
1/2-1/2

[Event "Alushta2"]
[Site "Alushta"]
[Date "1994.??.??"]
[Round "9"]
[White "Malaniuk, Vladimir P"]
[Black "Varavin, Viktor"]
[Result "1/2-1/2"]
[WhiteElo "2595"]
[BlackElo "2510"]
[Annotator "Stohl,I"]
[PlyCount "132"]
[EventDate "1994.02.??"]
[EventType "tourn"]
[EventRounds "9"]
[EventCountry "UKR"]
[EventCategory "12"]
[SourceTitle "CBM 041"]
[Source "ChessBase"]
[SourceDate "1994.08.01"]
[SourceVersion "1"]
[SourceVersionDate "1994.08.01"]
[SourceQuality "1"]

1. d4 {Belov} Nf6 2. Nf3 g6 3. Bg5 Bg7 4. c3 (4. Nbd2 c5 $5 (4... c5 {Belov} 5.
Bxf6 Bxf6 6. Ne4 Qb6 $10)) 4... Ne4 $5 (4... O-O {Belov} 5. Nbd2 d5 6. e3 Nbd7
(6... b6 7. a4 c5 8. a5 Na6 9. Be2 Bb7 10. Bf4 Ne4 11. O-O Nd6 12. h3 Nc7 $10 {
Malaniuk,V-Timoshenko,G/Alushta2(4)/1994/1:0 (58)/}) 7. b4 (7. Be2 Re8 8. O-O
e5 9. Nb3 $5 c6 10. Rc1 a5 11. c4 a4 12. Nbd2 exd4 13. Nxd4 Qa5 14. cxd5 Qxd5
15. Bf4 $14 {Miles,A-Nunn,J/London/1993/1:0 (45) Inf 58/385/}) 7... Re8 (7...
c6 8. Be2 Re8 9. O-O e5 10. Rc1 a5 $6 (10... Qe7 $5) 11. b5 c5 12. dxe5 Nxe5
13. c4 $1 Nxc4 14. Nxc4 dxc4 15. Qxd8 Rxd8 16. Rxc4 h6 17. Bh4 $14 {Malaniuk,
V-Stohl,I/Brno/1993/0,5 (26) Inf 58/384/}) 8. Be2 e5 9. h3 $5 c6 10. O-O a5 11.
a3 Qe7 12. Rb1 h6 13. Bh4 Qf8 $6 14. Bg3 Ne4 15. Nxe4 dxe4 16. Nd2 f5 17. Bh2
$14 {Malaniuk,V-Stohl,I/Pardubice/1993/0,5 (46) Inf 58/383/}) 5. Bh4 (5. Bf4
O-O 6. e3 d5 7. Nbd2 Nd6 $5 8. Be2 (8. Qb3 c6 9. Be2 Nd7 10. O-O Kh8 11. c4
dxc4 12. Nxc4 Ne4 13. Bd3 Ndf6 14. Nce5 Nd6 15. h3 Be6 16. Qc2 (16. Qa3 $10)
16... Nd5 17. Bh2 Nb4 18. Qa4 Nxd3 19. Nxd3 Ne4 20. Be5 f6 21. Bh2 Bd5 22. Qb4
a5 23. Qa3 b6 24. Nf4 Bf7 25. Qd3 Nd6 26. Rfc1 g5 27. Ne2 Bg6 $13 {Maeser,
F-Bode,U/Lugano op/1989/}) 8... c6 9. a4 a5 10. O-O Bf5 11. Qb3 Na6 12. h3 Re8
13. Rfd1 Qd7 14. Bh2 f6 15. Rac1 Kh8 16. c4 Nb4 17. cxd5 cxd5 18. Nb1 Bxb1 19.
Rxb1 Rec8 20. Rbc1 e6 21. Nd2 Bf8 $10 {Kovacevic,S-Leko,P/Oviedo 25'/1993/})
5... O-O (5... d5 6. Nbd2 (6. e3 c6 7. Bd3 Bf5 8. Qc2 Nd7 9. Nbd2 Nxd2 10. Qxd2
Bg4 $1 11. Be2 Nf6 12. O-O Ne4 13. Qd1 Qb6 14. Rb1 f6 $5 15. Nd2 (15. c4 $5 $13
) 15... Bxe2 16. Qxe2 Nxd2 17. Qxd2 O-O 18. Qc2 e5 19. dxe5 fxe5 20. Rfe1 e4
21. Re2 $2 (21. c4 $1 $132) 21... Qa6 22. a4 Rf5 23. Rc1 Re8 24. Rd2 h5 25. Bg3
c5 $36 {Kovacevic,S-Groszpeter,A/Cannes opA/1990/}) 6... c5 $5 (6... Nxd2 7.
Qxd2 Nd7 8. e3 O-O (8... Nf6 9. Bd3 Ne4 10. Qc2 Nd6 11. O-O O-O (11... Bf5 $5)
12. e4 $5 dxe4 13. Bxe4 Nxe4 14. Qxe4 Re8 15. Rfe1 Qd7 16. Bg3 c6 17. Be5 Qf5
18. Qe3 Be6 19. Bxg7 Kxg7 20. Ne5 Rad8 21. h3 Qf6 22. a4 Bc8 23. a5 a6 24. Rad1
Qd6 25. b4 $16 {(),Psakhis,L-Ernst,T/Tallinn/1989/}) 9. Bd3 Nf6 10. O-O c6 11.
Qc2 Ne8 12. Nd2 Nd6 13. f3 (13. c4 $5) 13... Nf5 14. Bf2 e5 15. e4 Ne7 16. dxe5
Bxe5 17. Rfe1 Qc7 18. g3 Be6 19. Bf1 Bg7 20. f4 dxe4 21. Nxe4 Nd5 22. Nc5 Bf5
$15 {Malaniuk,V-Leko,P/Kecskemet GM/1991/}) 7. e3 Qb6 (7... cxd4 {Belov} 8.
exd4 Nd6 $13) 8. Qb3 Nxd2 9. Nxd2 Nc6 10. Be2 O-O 11. O-O e5 12. dxe5 Nxe5 13.
Rfd1 Be6 14. Bg3 Rfd8 15. Qxb6 axb6 16. Nf3 Nxf3+ 17. Bxf3 Rd7 18. a3 f5 19. h4
Bf6 $10 {1/2:1/2,Chernin,A-Gulko,B/Amsterdam OHRA I/1987/}) (5... c5 6. e3 d5
7. Bd3 cxd4 8. exd4 Bf5 9. O-O Nc6 10. Qe2 O-O 11. Re1 Qb6 12. Na3 Rfe8 13.
Rad1 e5 14. dxe5 Nxe5 15. Bb5 Nc6 16. Qe3 d4 $1 17. cxd4 Nd6 18. Qb3 Rxe1+ 19.
Rxe1 Nxd4 20. Nxd4 Qxd4 $17 {Kovacevic-Carbonnel/Paris-ch/1992/}) 6. Nbd2 (6.
e3 d5 7. Bd3 Bf5 8. O-O Nd7 9. Ne1 Nd6 10. Be2 f6 11. Nd2 c6 12. c4 dxc4 13.
Nxc4 Nb6 14. Nd2 Qd7 15. Nd3 Bxd3 16. Bxd3 Nf5 17. Bg3 Nxg3 18. hxg3 $14 {
Kovacevic,S-Lucchetti,P/Cannes op/1990/}) 6... d5 7. e3 c5 (7... Nxd2 8. Qxd2
b6 $5 {/\Ba6=}) (7... Bf5 8. Nxe4 Bxe4 9. Bd3 Bxd3 10. Qxd3 Qd7 11. O-O e6 12.
Rac1 Na6 13. b4 c6 14. Ne5 Qe8 15. Bg3 Nb8 16. Nf3 Qe7 17. b5 $1 a6 18. bxc6
Nxc6 19. c4 dxc4 20. Rxc4 Rfd8 21. Bh4 $14 {Lobron,E-Chiburdanidze,M/Brussels
tt/1987/}) 8. Nxe4 (8. Bd3 {Belov} cxd4 9. exd4 Nd6 10. O-O Bf5 $10) 8... dxe4
9. Nd2 cxd4 (9... Bf5 10. dxc5 (10. g4 $5) 10... Nc6 11. Nc4 Qc8 12. Be2 Rd8
13. Qc2 Rd5 14. Rd1 Rxc5 15. b4 Rxc4 16. Bxc4 Ne5 17. Be2 Nf3+ $1 18. gxf3
Bxc3+ 19. Rd2 $8 (19. Kf1 exf3 20. Bd3 Bxd3+ $19) 19... exf3 20. Bd3 Bxd2+ 21.
Qxd2 Bxd3 22. Qxd3 Qc1+ 23. Qd1 Qc3+ 24. Qd2 {1/2:1/2,Komarov,D-Smirin,I/
Borzhomi/1988/}) 10. exd4 $5 (10. cxd4 f5 11. Be2 Nc6 12. O-O h6 13. Bg3 Be6
14. Nb3 Bd5 15. Qd2 g5 16. Rfd1 Qe8 17. Na5 Qf7 18. Nxc6 bxc6 19. Be5 Bxe5 20.
dxe5 f4 21. exf4 gxf4 $36 {Payen,A-Schneider,A/Budapest/1993/}) 10... f5 11.
Bc4+ Kh8 12. Qe2 (12. f3 $2 {Belov} e3) 12... Nc6 13. f3 (13. O-O $142 $5 {
/\f3|^}) 13... Qb6 $5 (13... exf3 14. Nxf3 $16 {><e7}) 14. Bb3 (14. Nb3 {Belov}
e5 15. d5 exf3 16. gxf3 Na5 $13) 14... e5 15. Nc4 (15. d5 exf3 16. Nxf3 (16.
gxf3 Na5) 16... e4 $1 $36 (16... e4 {Belov} 17. Ng5 Ne5 $17)) (15. dxe5 $6 Nxe5
16. fxe4 fxe4 $40) 15... Qc7 16. d5 (16. fxe4 exd4 $36) (16. Nxe5 Nxe5 17. dxe5
Qxe5 $15) 16... b5 $5 (16... Na5 {Belov} 17. d6 Qc5 18. Bf2 $18) (16... exf3 {
Belov} 17. gxf3 Nb8 18. d6 Qc6 19. O-O-O $16) 17. dxc6 (17. Nd2 exf3 18. gxf3
Na5 $13) (17. Na3 $5 {Belov} exf3 18. gxf3 Na5 19. Nxb5 Qd7 20. c4 Ba6 21. Na3
$8 Rab8 $44) 17... bxc4 18. Bxc4 (18. Qxc4 {Belov} exf3 19. gxf3 a5 {/\Ba6~/=/}
) 18... exf3 19. gxf3 Rb8 $1 (19... Qxc6 $2 20. Be7 Re8 21. Bb5 $16) (19...
Qxc6 $5 {Belov}) 20. O-O-O e4 $5 {/\Qf4-+} (20... Qxc6 21. Bg3 Be6 $1 $15) 21.
Kb1 (21. Bg3 $2 f4) 21... Bxc3 22. Bb3 Be6 $5 (22... Bg7 $1 23. fxe4 a5 $40)
23. bxc3 (23. Bxe6 $2 Rxb2+ 24. Qxb2 Bxb2 25. Kxb2 Qe5+ $19) 23... Bxb3 24.
axb3 Rxb3+ 25. Kc2 Qa5 $1 26. Bf6+ $1 (26. Kxb3 $2 Rb8+ 27. Kc4 Qb5+ $19) 26...
Rxf6 $8 (26... Kg8 27. Qc4+) 27. Kxb3 Rxc6 28. Qe1 (28. Rc1 Rb6+ 29. Kc2 Qa4+
$1 30. Kd2 Rb2+ 31. Ke1 Rxe2+ $17) (28. Qe3 {Belov} Rb6+ 29. Qxb6 $8 (29. Kc4
Qb5+ 30. Kd4 Rd6#) 29... Qxb6+ $17) 28... Rb6+ 29. Kc4 Rc6+ (29... Qb5+ {Belov}
30. Kd4 Rd6+ 31. Ke3 $18) 30. Kb3 (30. Kd4 {Belov} Qc5#) 30... Rb6+ 31. Kc4
Qb5+ $5 (31... Rc6+ $10) 32. Kd4 Re6 $1 33. fxe4 (33. f4 $2 Qb6+ 34. Kd5 Rd6+
35. Ke5 Qc5+ $19) (33. Rb1 $2 Qd3+ 34. Kc5 Re5+ 35. Kb4 Qd6+ $1 36. Ka4 (36.
Kc4 Rc5+ 37. Kb3 (37. Kb4 Qb6+) 37... Rb5+ 38. Kc2 Qd3+) (36. Kb3 Rb5+ $19)
36... Qa6+ 37. Kb3 Rb5+ $19) (33. Qh4 {Belov} Qe5+ 34. Ke3 exf3+ 35. Kxf3 Qe2+
36. Kf4 Re4+ $19) (33. c4 {Belov} Qb2+ 34. Qc3 $8 Rd6+ 35. Kc5+ Qxc3 36. Rxd6
exf3 $19) 33... Rxe4+ (33... Qd7+ $5 34. Kc4 $5 (34. Kc5 $2 Rc6+ 35. Kb4 Qb7+
$19) (34. Ke3 Rxe4+ 35. Kf2 Rxe1 36. Rhxe1 Qc7 $36) 34... Rxe4+ (34... Qa4+ 35.
Kd3) 35. Qxe4 Qa4+ 36. Kc5 Qxe4 37. Rd8+ Kg7 38. Rd7+ Kf6 39. Rhd1 $15 {<=>})
34. Qxe4 fxe4 35. c4 Qc6 36. Rc1 Kg7 37. c5 $132 Kf6 38. Rhe1 Kf5 39. Re3 $1
Qa4+ 40. Kd5 Qd7+ 41. Kc4 Qa4+ 42. Kd5 Qd7+ 43. Kc4 Ke5 44. Kb3 $8 Qb5+ 45. Ka3
Kd4 46. Rcc3 $10 Qc6 $8 47. h3 g5 48. Kb3 a5 49. Rg3 h6 50. Rge3 h5 51. Rg3 g4
52. hxg4 hxg4 53. Ka3 a4 54. Kb4 Qa6 55. Ka3 (55. c6 $6 a3 56. c7 a2 57. c8=Q
Qxc8 58. Rxc8 a1=Q $17) 55... Qc6 $8 56. Kb4 Ke5 $6 (56... Qa6 57. Ka3 $10) 57.
Rxg4 $1 Qb7+ 58. Ka3 Qb1 59. Rgg3 Qa1+ 60. Kb4 Kd5 61. c6 a3 62. c7 Qb2+ (62...
a2 63. c8=Q Qb2+ 64. Rb3 Qd4+ 65. Kb5 $18) 63. Rb3 (63. Ka4 $2 a2 64. c8=Q
a1=Q+ 65. Ra3 Qd1+ 66. Rgb3 Qbd4+ $36) 63... Qd4+ 64. Kxa3 Qa7+ 65. Kb2 Qxc7
$10 66. Rb5+ Kd4 1/2-1/2

[Event "Bayern-chI Bank Hofmann 6th"]
[Site "Bad Wiessee"]
[Date "2002.11.01"]
[Round "7"]
[White "Reuss, Andreas"]
[Black "Hertneck, Gerald"]
[Result "0-1"]
[WhiteElo "2368"]
[BlackElo "2502"]
[Annotator "Teske,H"]
[PlyCount "58"]
[EventDate "2002.10.26"]
[EventType "swiss"]
[EventRounds "9"]
[EventCountry "GER"]
[SourceTitle "EXT 2003"]
[Source "ChessBase"]
[SourceDate "2002.11.25"]
[SourceVersion "1"]
[SourceVersionDate "2002.11.25"]
[SourceQuality "1"]

1. Nf3 Nf6 2. d4 c5 3. c3 e6 4. Bg5 d5 5. e3 Nc6 6. Nbd2 h6 7. Bh4 Be7 8. Bd3
cxd4 9. exd4 Nh5 10. Bxe7 Qxe7 11. O-O Nf4 12. Bb5 Bd7 13. Re1 O-O 14. g3 Nh3+
15. Kg2 Ng5 16. h4 Nxf3 17. Nxf3 Ne5 18. Bf1 Nxf3 19. Qxf3 Qf6 $5 {Da Weiß
weder den Bf6 noch den Bh6 angreifen kann, bringt Weiß der Dmentausch nichts
ein. Im Gegenteil, das schwarze Zentrum würde etwas gestärkt.} 20. Qe3 {
Bis hierhin sieht alles nach einem schnellen friedlichen Ende aus. Doch Gerald
sticht der Hafer.} g5 $6 {Ein sehr optimistischer Zug. Eigentlich sollte das
Unternehmen scheitern.} 21. hxg5 (21. Bd3 $5) 21... hxg5 22. Bd3 Kg7 23. Qd2 g4
24. Be2 Qf5 25. Bd1 f6 26. Qe2 e5 27. dxe5 d4 $1 {Dieser Bluff zeigt die
erwünschte Wirkung.} 28. e6 $2 (28. Bc2 Bc6+ 29. Kg1 Rh8 30. exf6+ Kg8 (30...
Qxf6 31. Qxg4+ Kf7 32. Be4 Rag8 33. Bd5+ Bxd5 34. Qd7+ Kg6 35. Qxd5) 31. Bb3+
Bd5 32. Bxd5+ Qxd5 33. Qxg4+ Kf7 34. Qg7#) (28. exf6+) 28... Bc6+ 29. Kg1 $4 (
29. Kf1 Rh8 30. Qxg4+ Qxg4 31. Bxg4 f5 32. Bd1 (32. Bxf5 $4 Bf3 $19)) 29... Rh8
0-1